| 000 | 00307 a2200109 4500 | ||
|---|---|---|---|
| 020 | _a9780074632987 | ||
| 082 | _a624.1821 NAY | ||
| 100 | _aNayar,Alok | ||
| 245 |
_aThe Steel Handbook / _cAlok Nayar |
||
| 260 |
_aNew Delhi : _cTata McGraw Hill Publishing Comp, _b2007. |
||
| 300 |
_axxii,978p. : _bill. ; _c25cm |
||
| 650 | _asteel structure | ||
| 999 |
_c1309 _d1309 |
||